MSM Quiz - Statistics

General Stats
  • This quiz has been taken 287 times
  • The average score is 6 of 7
Answer Stats
Question Answer % Correct
which is the first note of the dipster keybord do
100%
the one element fire monster kayna
100%
which is correct kayna
100%
the seasonal monster for plant island punkleton
100%
what mythical is in air island yawstrich
100%
the monster that says hoola! in seasonal shanty hoola
94%
strombonin has a ... trumpet
3%
No matching quizzes found
Score Distribution
Percent of People with Each Score
Percentile by Number Answered
Your Score History
You have not taken this quiz